000 00370nam a2200133Ia 4500
008 240624s9999 xx 000 0 und d
041 _aeng
082 _a330.90511 MIT
100 _aMITCHELL LAWRENCE E
245 _aPANIC OF 2008 CAUSES CONSEQUENCES AND IM
260 _c2010
_aUnited Kingdom
_bEdward Elgar
300 _aviii, : 359 : p. : cm. ; 24
365 _cGBP
_b50
999 _c27345
_d27345